Personnages dans les jeux vidéo Starcraft - Statistiques

Statistiques générales
  • Ce quiz a été pris 21 fois
  • Le résultat moyen est 17 sur 37
Statistiques - réponses
Race / Faction Apparaît dans Personnage % Correct
Terran / Zerg infesté Starcraft / Brood War / Wings of Liberty / Heart of the Swarm / Legacy of the Void Sarah Kerrigan
100%
Protoss Brood War / Wings of Liberty / Legacy of the Void Artanis
93%
Protoss Starcraft / Brood War / Wings of Liberty / Heart of the Swarm / Legacy of the Void Zeratul
93%
Terran Starcraft / Brood War / Wings of Liberty / Heart of the Swarm / Legacy of the Void Jim Raynor
86%
Protoss Legacy of the Void Vorazun
79%
Zerg Heart of the Swarm Abathur
64%
Protoss Legacy of the Void / Nova Covert Ops Alarak
64%
Xel'naga Wings of Liberty / Legacy of the Void Amon
64%
Terran Starcraft / Brood War / Wings of Liberty / Heart of the Swarm Arcturus Mengsk
64%
Terran / Zerg infesté Brood War / Heart of the Swarm / Legacy of the Void Alexei Stukov
57%
Protoss Legacy of the Void Karax
57%
Terran Wings of Liberty / Heart of the Swarm / Legacy of the Void / Nova Covert Ops Matt Horner
57%
Zerg Heart of the Swarm / Legacy of the Void Zagara
57%
Zerg Primal Heart of the Swarm Dehaka
50%
Protoss Starcraft / Brood War Fenix
50%
Zerg Starcraft L'Overmind
50%
Protoss Wings of Liberty / Legacy of the Void Selendis
50%
Protoss Starcraft / Brood War Tassadar
50%
Terran Wings of Liberty Gabriel Tosh
43%
Terran Wings of Liberty Tychus Findlay
43%
Terran Wings of Liberty / Heart of the Swarm / Legacy of the Void / Nova Covert Ops Valerian Mengsk
43%
Terran Wings of Liberty Egon Stetmann
36%
Terran Wings of Liberty / Heart of the Swarm / Nova Covert Ops Nova Terra
36%
Xel'naga Brood War / Wings of Liberty / Heart of the Swarm / Legacy of the Void Samir Duran / Emil Narud
36%
Terran Wings of Liberty Ariel Hanson
29%
Zerg Heart of the Swarm Izsha
29%
Terran Wings of Liberty / Heart of the Swarm / Nova Covert Ops Rory Swann
29%
Protoss Starcraft / Brood War Aldaris
21%
Zerg Starcraft Daggoth
21%
Terran Brood War Gérard DuGalle
21%
Terran Wings of Liberty / Heart of the Swarm Horace Warfield
21%
Protoss Brood War Raszagal
21%
Protoss Legacy of the Void Rohana
21%
Terran Starcraft / Brood War Edmund Duke
14%
Terran Nova Covert Ops Reigel
14%
Protoss Legacy of the Void Talandar
14%
Zerg Starcraft Zasz
14%
Aucun quiz correspondant
Distribution des résultats
% des personnes avec chaque résultat
Percentile par nombre de réponses
Votre historique - résultats
Vous n’avez pas pris ce quiz